UM Logo

The Western heritage / (Record no. 8056)

MARC details
000 -LEADER
fixed length control field 00716nam a2200193 4500
008 - FIXED-LENGTH DATA ELEMENTS--GENERAL INFORMATION
fixed length control field 171212b xxu||||| |||| 00| 0 eng d
020 ## - INTERNATIONAL STANDARD BOOK NUMBER
International Standard Book Number 0023619112
082 ## - DEWEY DECIMAL CLASSIFICATION NUMBER
Edition number 1991
Classification number DC 909.09821
Item number K11
100 ## - MAIN ENTRY--PERSONAL NAME
9 (RLIN) 24866
Personal name Kagan, Donald, author.
245 ## - TITLE STATEMENT
Title The Western heritage /
Statement of responsibility, etc. Donald Kagan, Steven Ozment, Frank M. Turner.
250 ## - EDITION STATEMENT
Edition statement Fourth edition.
260 ## - PUBLICATION, DISTRIBUTION, ETC. (IMPRINT)
Place of publication, distribution, etc. New York :
Name of publisher, distributor, etc. Collier Macmillan Canada,
Date of publication, distribution, etc. ©1991.
300 ## - PHYSICAL DESCRIPTION
Extent xxxi, 551 pages :
Other physical details colored illustrations ;
Dimensions 27 cm.
500 ## - GENERAL NOTE
General note Includes bibliographical references and index.
650 #0 - SUBJECT ADDED ENTRY--TOPICAL TERM
9 (RLIN) 24868
Topical term or geographic name as entry element Civilization, Western.
700 ## - ADDED ENTRY--PERSONAL NAME
9 (RLIN) 24869
Personal name Ozment, Steven E.,author.
700 ## - ADDED ENTRY--PERSONAL NAME
9 (RLIN) 24871
Personal name Turner, Frank M. (Frank Miller), author.
942 ## - ADDED ENTRY ELEMENTS (KOHA)
Source of classification or shelving scheme Dewey Decimal Classification
Koha item type Circulation
Holdings
Withdrawn status Lost status Source of classification or shelving scheme Damaged status Not for loan Collection code Home library Current library Date acquired Source of acquisition Total Checkouts Full call number Barcode Date last seen Copy number Price effective from Koha item type
    Dewey Decimal Classification     Circulation UM Digos College - LIC UM Digos College - LIC   Donated   DC 909.09821 K11 1991 15442 05/15/2025 1 12/12/2017 Circulation
    Dewey Decimal Classification     Circulation UM Digos College - LIC UM Digos College - LIC   Donated   DC 909.09821 K11 1991 15844 05/15/2025 2 12/12/2017 Circulation